Seguridad en la utilización de productos químicos en el trabajo
| Format: | Section = Libro |
|---|---|
| Language: | Undetermined Spanish |
| Published: |
Colombia
Alfaomega
2000
|
| Subjects: |
| LEADER | 00678nam a2200205Ia 4500 | ||
|---|---|---|---|
| 008 | 240829s9999 xx 000 0 und d | ||
| 020 | |a 958-682-191-9 | ||
| 040 | |a BIBLIOTECA-RUPAP 660.2804 G492 | ||
| 041 | |a spa | ||
| 082 | |a 660.2804 G492 | ||
| 245 | 1 | 0 | |a Seguridad en la utilización de productos químicos en el trabajo |
| 260 | |a Colombia |b Alfaomega |c 2000 | ||
| 300 | |a 109 p. :il. | ||
| 650 | 7 | |a MEDIDAS DE SEGURIDA - PRODUCTOS QUIMICOS | |
| 650 | 7 | |b SISTEMAS DE CLASIFICACION - PRODUCTOS QUIMICOS | |
| 650 | 7 | |c ETIQUETADO - MEDIDAS DE CONTROL - ALMACENAMIENTO | |
| 650 | 7 | |d MANTENIMIENTO - MEDIDAS DE CONTROL. I. Tít. | |
| 942 | |c BK |2 ddc | ||
| 991 | |a TEXTO | ||
| 999 | |c 10015 | ||